00337nam a2200133 a 45000010010000000030011000100080041000210350026000620820014000881000019001022450012001212600046001336500024001790000-8581ELIB.Books110520 1935  a(ELIB.Books)0000-8727 a242 bJon aJones, Stanley aThe Way bNew York: Abingdon Cokesbury Press c1935 aDevotional Theology